| 000 | 00951nam0a22002891 4500 | ||
|---|---|---|---|
| 001 | RU\INGAK2\INFOCOMM_61\5000124169 | ||
| 005 | 20250625203227.0 | ||
| 035 | _a(NLR Aleph) 011075600 | ||
| 090 |
_a11297474 _c11297474 |
||
| 100 | _a20160310d1972 |||y0rusy50 ca | ||
| 101 | 1 |
_aspa _crus |
|
| 102 | _aRU | ||
| 105 | _ay z|||| | ||
| 200 | 1 |
_aOcurrio cerca de Rovno _fDmitri Medvediev _g[Trad. del ruso por V. Uribes] |
|
| 210 |
_aM. _c"Progreso" _d[1972] |
||
| 215 |
_a252 с. _d20 см |
||
| 300 | _aНа обороте тит. л.: Д. Медведев. Это было под Ровно | ||
| 517 | 1 |
_aЭто было под Ровно _zrus |
|
| 620 | _aМосква | ||
| 686 |
_aЛх.рс1078 _2rubbk |
||
| 700 | 1 |
_9z01790 _aMedvedev _bD. N. _f1898-1954 _gDmitrij Nikolaevič |
|
| 790 | 1 |
_9z01700 _aMedvediev _bD. _gDmitri _4070 |
|
| 801 | 1 |
_aRU _bInfoComm _c20130220 |
|
| 801 | 0 |
_aRU _bNLR _gPSBO |
|
| 852 |
_aNLR _jЛ31 Д-3/143 |
||
| 942 | _cBOOK | ||
| 980 | _aNB | ||